Tartuffe and The Bourgeous Gentleman (Record no. 615265)

MARC details
000 -LEADER
fixed length control field 00409nam a22001577a 4500
008 - FIXED-LENGTH DATA ELEMENTS--GENERAL INFORMATION
fixed length control field 260221b |||||||| |||| 00| 0 eng d
020 ## - INTERNATIONAL STANDARD BOOK NUMBER
ISBN 9780486404387
Paper back/Hardbound pbk
041 ## - LANGUAGE CODE
Language code of text/sound track or separate title eng
082 ## - DEWEY DECIMAL CLASSIFICATION NUMBER
Classification number 842.4
Item number MOL
100 ## - MAIN ENTRY--AUTHOR NAME
Personal name Moliere
245 ## - TITLE STATEMENT
Title Tartuffe and The Bourgeous Gentleman
Statement of responsibility, etc Moliere
260 ## - PUBLICATION, DISTRIBUTION, ETC. (IMPRINT)
Place of publication New York
Name of publisher Dover Publications Inc.
Year of publication 1998
300 ## - PHYSICAL DESCRIPTION
Number of Pages 394p.
942 ## - ADDED ENTRY ELEMENTS (KOHA)
Koha item type English Books
Holdings
Withdrawn status Lost status Damaged status Not for loan Home library Current library Shelving location Date acquired Full call number Accession Number Price effective from Koha item type
        Anna Centenary Library Anna Centenary Library 4TH FLOOR, A WING 21.02.2026 842.4 MOL 445556 21.02.2026 English Books

Find us on the map